00395nam a22001577a 4500003000500000005001700005008004100022020001800063040000600081082001200087100001800099245005400117260003400171300000900205650002300214CEME20210628202748.0210120b xxu||||| |||| 00| 0 eng d a0-14-062055-9 c. a823 HAR aHardy, Thomas aThe return of the native, penguin popular classic aNEW YORKbPENGUIN BOOKSc1994 a482P aENGLISH LITERATURE